000 00732nam a2200193Ia 4500
003 GCL
008 140319s9999 xx 000 0 ara d
040 _aGCL /
_cGCL
082 0 4 _aق
_b792
_bب ط
100 1 _aبلبلو، جاستون
245 1 0 _aطيبة ذات المائة باب :
_bعرض الصوت والضوء بمعابد الكرنك ( الاقصر ) /
_cبلبلو، جاستون
700 1 _aبونبكو، جاستون
260 _aالقاهرة :
_bوزارة الثقافة هيئة الاثار المصرية ،
_c1975
300 _a44 ص ؛
_c22 سم
650 0 4 _aالصوت والضوء - العروض
650 0 4 _aالمسرح - عروض
650 0 4 _aالصوت والضوء
942 _2ddc
_cBK
999 _c50614
_d50614